[Event "Schleswig Holstein-ch U14 VM"]
[Site "Neumuenster"]
[Date "2008.03.29"]
[Round "8"]
[White "Yagibol, Yasar"]
[Black "Wrobel, Malte"]
[Result "0-1"]
[WhiteElo "810"]
[BlackElo "977"]
[PlyCount "64"]
[EventDate "2008.03.24"]
[EventType "swiss"]
[EventRounds "9"]
[EventCountry "GER"]
[SourceTitle "EXT 2009"]
[Source "ChessBase"]
[SourceDate "2008.11.26"]
[SourceVersion "1"]
[SourceVersionDate "2008.11.26"]
[SourceQuality "1"]

1. e4 d5 2. exd5 Nf6 3. Bc4 Nxd5 4. Nc3 Nxc3 5. dxc3 Qxd1+ 6. Kxd1 Nc6 7. Bf4 e5 8. Bg3 Bc5 9. f4 Bg4+ 10. Kd2 0-0-0+ 11. Ke1 f6 12. h3 Bf5 13. Bf2 Bxf2+ 14. Kxf2 exf4 15. Ne2 g5 16. Rac1 Rd2 17. h4 Bxc2 18. Ke1 Rhd8 19. Bb3 Bxb3 20. axb3 Rxb2 21. hxg5 fxg5 22. Rh5 Re8 23. Rd1 Rexe2+ 24. Kf1 Rf2+ 25. Kg1 Rxg2+ 26. Kh1 Rgd2 27. Re1 Rxb3 28. Rxh7 b6 29. Rg7 Rxc3 30. Rxg5 a5 31. Ra1 Nd4 32. Kg1 Nf3+ 0-1

[Event "Schleswig Holstein-ch U14 VM"]
[Site "Neumuenster"]
[Date "2008.03.28"]
[Round "7"]
[White "Dietrich, Christoph"]
[Black "Wrobel, Malte"]
[Result "1-0"]
[WhiteElo "1170"]
[BlackElo "977"]
[PlyCount "95"]
[EventDate "2008.03.24"]
[EventType "swiss"]
[EventRounds "9"]
[EventCountry "GER"]
[SourceTitle "EXT 2009"]
[Source "ChessBase"]
[SourceDate "2008.11.26"]
[SourceVersion "1"]
[SourceVersionDate "2008.11.26"]
[SourceQuality "1"]

1. e4 d5 2. exd5 Qxd5 3. Nc3 Qa5 4. d4 Nf6 5. Nf3 c6 6. Be2 Bf5 7. 0-0 e6 8. Re1 Bb4 9. Bd2 0-0 10. a3 Bd6 11. Ne4 Qd8 12. Nxd6 Qxd6 13. Bb4 Qd8 14. Bxf8 Qxf8 15. c3 Nbd7 16. Qb3 b5 17. c4 a6 18. Rac1 Rb8 19. cxb5 cxb5 20. Rc6 Rb6 21. Rxb6 Nxb6 22. Bd3 Bxd3 23. Qxd3 Nbd5 24. Rc1 h6 25. Qc2 Nf4 26. Kf1 N6d5 27. Qc8 Qxc8 28. Rxc8+ Kh7 29. Ra8 Nc7 30. Ra7 Nfd5 31. Ne5 f6 32. Nc6 Kg6 33. Nb4 Nxb4 34. axb4 Nd5 35. Rxa6 Nxb4 36. Rxe6 Nd5 37. Rd6 Nf4 38. g3 Nd3 39. Rb6 Kf5 40. Rxb5+ Ke4 41. d5 Ne5 42. d6 Kd4 43. f4 Nc6 44. d7 Kc4 45. Rb8 Kd5 46. d8Q+ Nxd8 47. Rxd8+ Kc4 48. Rd7 1-0

[Event "Schleswig Holstein-ch U14 VM"]
[Site "Neumuenster"]
[Date "2008.03.27"]
[Round "5"]
[White "Wrobel, Malte"]
[Black "Winter, Hauke"]
[Result "1-0"]
[WhiteElo "977"]
[BlackElo "1015"]
[PlyCount "71"]
[EventDate "2008.03.24"]
[EventType "swiss"]
[EventRounds "9"]
[EventCountry "GER"]
[SourceTitle "EXT 2009"]
[Source "ChessBase"]
[SourceDate "2008.11.26"]
[SourceVersion "1"]
[SourceVersionDate "2008.11.26"]
[SourceQuality "1"]

1. e4 e5 2. Bc4 Nc6 3. Nf3 Bc5 4. Nc3 d6 5. h3 f5 6. d3 Bb4 7. 0-0 h6 8. Nd5 Nf6 9. a3 Bc5 10. b4 Bb6 11. Nxb6 axb6 12. b5 fxe4 13. dxe4 Nd4 14. Nxd4 exd4 15. Bb2 Nh5 16. Qxh5+ Kd7 17. Qf7+ Qe7 18. Qxe7+ Kxe7 19. Bxd4 h5 20. Rfe1 c6 21. e5 d5 22. Bd3 Rg8 23. bxc6 bxc6 24. Bxb6 g5 25. Bc5+ Ke6 26. g4 hxg4 27. hxg4 Kf7 28. f3 Rh8 29. Kg2 Be6 30. Kg3 Rh4 31. Rh1 Rah8 32. Rxh4 gxh4+ 33. Kh3 Kg7 34. a4 Bc8 35. e6 Kf6 36. Bd4+ 1-0

[Event "Schleswig Holstein-ch U14 VM"]
[Site "Neumuenster"]
[Date "2008.03.25"]
[Round "3"]
[White "Wrobel, Malte"]
[Black "Ari, Serkan"]
[Result "1-0"]
[WhiteElo "977"]
[BlackElo "771"]
[PlyCount "67"]
[EventDate "2008.03.24"]
[EventType "swiss"]
[EventRounds "9"]
[EventCountry "GER"]
[SourceTitle "EXT 2009"]
[Source "ChessBase"]
[SourceDate "2008.11.26"]
[SourceVersion "1"]
[SourceVersionDate "2008.11.26"]
[SourceQuality "1"]

1. e4 e5 2. Bc4 Nf6 3. d4 Nxe4 4. dxe5 Nc6 5. Qd5 Nxe5 6. Qxe5+ Qe7 7. Qxe7+ Bxe7 8. Nf3 b6 9. 0-0 Bb7 10. Ne5 Bf6 11. Nxf7 Rf8 12. Re1 d5 13. Bb5+ c6 14. Nd6+ Kd7 15. Nxe4 dxe4 16. Bc4 b5 17. Bb3 c5 18. c4 a6 19. Nc3 Bxc3 20. bxc3 b4 21. cxb4 cxb4 22. a3 bxa3 23. Bxa3 Rf6 24. Rad1+ Kc7 25. Bc2 Re8 26. f3 Rfe6 27. Ba4 Bc6 28. Bxc6 Kxc6 29. Re3 exf3 30. Rxf3 Re4 31. Rd6+ Kc7 32. Rxa6 Rxc4 33. Rf7+ Kc8 34. Ra8# 1-0